Dans les yeux - Sopico - PAROLES - Statistiques

Statistiques générales
  • Ce quiz a été pris 8 fois
  • Le résultat moyen est 251 sur 431
Statistiques - réponses
Réponse % Correct
ça
100%
ca
100%
de
100%
décaler
100%
diner
100%
je
100%
jour
100%
jours
100%
jsuis
100%
le
100%
les
100%
notre
100%
pas
100%
patient
100%
sais
100%
si
100%
tous
100%
c'est
80%
ci
80%
dans
80%
deux
80%
dis
80%
est
80%
et
80%
fait
80%
flemme
80%
jeunes
80%
jte
80%
la
80%
LA
80%
moi
80%
on
80%
parle
80%
pour
80%
quand
80%
que
80%
quoi
80%
qu'on
80%
se
80%
sous
80%
te
80%
tu
80%
veux
80%
vie
80%
vieux
80%
vieux.......
80%
yeux
80%
a
60%
à
60%
comme
60%
cou
60%
couteau
60%
des
60%
des..
60%
d'ou
60%
heureux
60%
il
60%
j'ai
60%
mais
60%
me
60%
motivée
60%
ou
60%
plus
60%
puisqu'un
60%
remet
60%
temps
60%
t'es
60%
tes
60%
tour
60%
trop
60%
viens
60%
vient
60%
vois
60%
ange
40%
avec
40%
bien
40%
capte
40%
capter
40%
dla
40%
draps
40%
droite
40%
en
40%
fais
40%
gauche
40%
jles
40%
meme
40%
même
40%
mes
40%
pagaille
40%
potes
40%
pue
40%
qui
40%
sors
40%
suis
40%
t'ai
40%
t'aimes
40%
terre
40%
tout
40%
un
40%
va
40%
zeb
40%
au
20%
bat
20%
clin
20%
comparent
20%
copines
20%
croisent
20%
déçu
20%
demandes
20%
dessus
20%
dire
20%
disent
20%
d'oeil
20%
doit
20%
drame
20%
elle
20%
elles
20%
ex
20%
faire
20%
femmes
20%
final
20%
gens
20%
grave
20%
gros
20%
guitare
20%
honnete
20%
ils
20%
impossible
20%
j'étais
20%
j'insulte
20%
j'm'embrouille
20%
joue
20%
jpeux
20%
jsois
20%
laisser
20%
lgenre
20%
mal
20%
m'as
20%
ne
20%
non
20%
paix
20%
parfois
20%
partir
20%
pétou
20%
peux
20%
post-it
20%
pourquoi
20%
rappelles
20%
reponds-moi
20%
réponds-moi
20%
rien
20%
roule
20%
sans
20%
saoulé
20%
sauté
20%
sépares
20%
sur
20%
t'aimerais
20%
tfaire
20%
toi
20%
tuto
20%
vénère
20%
veut
20%
autre
0%
bandits
0%
bétail
0%
bête
0%
broke
0%
chambre
0%
chou
0%
coffré
0%
décales
0%
déjç
0%
d'espace
0%
détail
0%
détenus
0%
deviens
0%
d'hotel
0%
diplômés
0%
dirait
0%
dos
0%
du
0%
faut
0%
feter
0%
fraudais
0%
futurs
0%
j'continue
0%
j'm'arrache
0%
jvais
0%
l'époque
0%
lointain
0%
mademoiselle
0%
maintenant
0%
mama
0%
mami
0%
m'débarrasser
0%
m'empêchent
0%
m'observe
0%
musica
0%
note
0%
paname
0%
payer
0%
permet
0%
prisonniers
0%
problèmes
0%
progresser
0%
quer-cra
0%
saoulent
0%
sauter
0%
sent
0%
s'évader
0%
tourné
0%
vais
0%
Aucun quiz correspondant
Distribution des résultats
% des personnes avec chaque résultat
Percentile par nombre de réponses
Votre historique - résultats
Vous n’avez pas pris ce quiz